[Event "Agarr's SC Free for All 4"]
[Site "SchemingMind.com"]
[Date "2006.12.21"]
[Round "-"]
[White "cnbcad"]
[Black "agarr"]
[Result "0-1"]
[WhiteCountry "USA"]
[BlackCountry "RUS"]
[WhiteElo "1519"]
[WhiteRD "56"]
[BlackElo "1728"]
[BlackRD "72"]
[GameID "83000"]

1. e4 e5 2. Nf3 Nc6 3. Bc4 Bc5 4. c3 Nf6 5. d4 exd4 6. cxd4 Bb4+ 7. Bd2 Bxd2+ 8. Nbxd2 O-O 9. e5 Ng4 10. h3 Nh6
11. Qc2 d5 12. Bb3 Bf5 13. Qc5 Ne7 14. Nh4 c6 15. Nxf5 Nexf5 16. g4 Nh4 17. O-O-O b6 18. Qc3 c5 19. dxc5 bxc5 20. Qg3 c4
21. Bc2 Rc8 22. Nf3 Nxf3 23. Qxf3 d4 24. g5 Qxg5+ 25. Kb1 Qxe5 26. Rhg1 d3 27. Ba4 Rb8 28. b3 Rb4 29. Qg2 Rxa4 30. Rde1 Qf6
31. Re3 cxb3 32. axb3 Ra1#
0-1

[Event "Agarr's SC Free for All 4"]
[Site "SchemingMind.com"]
[Date "2006.12.21"]
[Round "-"]
[White "agarr"]
[Black "cnbcad"]
[Result "1-0"]
[WhiteCountry "RUS"]
[BlackCountry "USA"]
[WhiteElo "1728"]
[WhiteRD "72"]
[BlackElo "1519"]
[BlackRD "56"]
[GameID "83001"]

1. e4 e5 2. Nf3 Nc6 3. Bc4 Bc5 4. c3 Nf6 5. d4 exd4 6. cxd4 Bb6 7. e5 Ne4 8. Qe2 f5 9. exf6 Qxf6 10. Qxe4+ Ne7
11. Bg5
1-0

[Event "Agarr's SC Free for All 4"]
[Site "SchemingMind.com"]
[Date "2006.12.22"]
[Round "-"]
[White "mkefeli"]
[Black "cnbcad"]
[Result "1-0"]
[WhiteCountry "TUR"]
[BlackCountry "USA"]
[WhiteElo "2065"]
[WhiteRD "73"]
[BlackElo "1493"]
[BlackRD "55"]
[GameID "83091"]

1. e4 e5 2. Nf3 Nc6 3. Bb5 a6 4. Ba4 b5 5. Bb3 h6 6. O-O Nf6 7. d4 d6 8. dxe5 dxe5 9. Qxd8+ Nxd8 10. Nxe5 Be6
11. f3 Bc5+ 12. Kh1 Bxb3 13. axb3 O-O 14. Nc3 Bd4 15. Nd3 Ne6 16. Nb4 Nh5 17. Nc6 Bc5 18. b4 Bd6 19. e5 Bxb4 20. Nxb4 a5
21. Nc6 a4 22. Nxb5 Ra6 23. Ncd4 Nxd4 24. Nxd4 c5 25. Nf5 Kh7 26. g4 g6 27. Bxh6 Rb8 28. Bc1 Ng7 29. Nxg7 Kxg7 30. b3 c4
31. Rxa4 Re6 32. Rxc4 Kg8 33. f4
1-0

[Event "Agarr's SC Free for All 4"]
[Site "SchemingMind.com"]
[Date "2006.12.21"]
[Round "-"]
[White "mkefeli"]
[Black "agarr"]
[Result "1/2-1/2"]
[WhiteCountry "TUR"]
[BlackCountry "RUS"]
[WhiteElo "2060"]
[WhiteRD "74"]
[BlackElo "1752"]
[BlackRD "71"]
[GameID "83092"]

1. e4 e5 2. Nf3 Nc6 3. Bb5 Bc5 4. O-O d6 5. c3 Bd7 6. d4 exd4 7. cxd4 Bb6 8. Re1 Ba5 9. Nc3 h6 10. h3 Nge7
11. e5 dxe5 12. Nxe5 O-O 13. Nxd7 Qxd7 14. Qf3 a6 15. Bd3 Bb6 16. d5 Nb4 17. Bb1 Nbxd5 18. Nxd5 Nxd5 19. Be4 Rad8 20. Rd1 c6
21. Bf4 Rfe8 22. Bg3 Bc7 23. Bxc7 Qxc7 24. Bxd5 Rxd5 25. Rxd5 cxd5 26. Qxd5 Re2 27. b4 Qc2 28. Qxb7 Rxf2 29. a4 Rf6 30. Kh1 Qf2
31. b5 axb5 32. Qxb5 Rb6 33. Qe8+ Kh7 34. a5 Rb2 35. Qe4+ f5 36. Qf3 Qc2 37. a6 Rb1+ 38. Rxb1 Qxb1+ 39. Kh2 Qb8+ 40. Qg3 Qb6
41. Qd3 Qc5 42. Qe2 Qa5 43. h4 Qc7+ 44. g3 Qa7 45. Kg2 Qb6 46. Qa2 Qa7 47. Qc4=
1/2-1/2

[Event "Agarr's SC Free for All 4"]
[Site "SchemingMind.com"]
[Date "2006.12.22"]
[Round "-"]
[White "cnbcad"]
[Black "mkefeli"]
[Result "0-1"]
[WhiteCountry "USA"]
[BlackCountry "TUR"]
[WhiteElo "1493"]
[WhiteRD "55"]
[BlackElo "2065"]
[BlackRD "73"]
[GameID "83093"]

1. e4 c5 2. Nf3 Nc6 3. Bb5 d6 4. d4 cxd4 5. Bxc6+ bxc6 6. Qxd4 Nf6 7. Qc4 Qc7 8. Nc3 e6 9. Bf4 e5 10. Bg5 Be7
11. Bh4 O-O 12. Nd5 Qa5+ 13. b4 cxd5 14. exd5 Qxd5 15. Qxd5 Nxd5 16. c4 Bxh4 17. Nxh4 Nxb4 18. O-O Be6 19. Rad1 Rfd8 20. a3 Nc2
21. Rc1 Nd4 22. Rfe1 Rdc8 23. Re3 Rxc4 24. Rb1 Rac8 25. h3 Rc1+ 26. Rxc1 Rxc1+ 27. Kh2 Rc2
0-1

[Event "Agarr's SC Free for All 4"]
[Site "SchemingMind.com"]
[Date "2006.12.21"]
[Round "-"]
[White "agarr"]
[Black "mkefeli"]
[Result "0-1"]
[WhiteCountry "RUS"]
[BlackCountry "TUR"]
[WhiteElo "1771"]
[WhiteRD "71"]
[BlackElo "2065"]
[BlackRD "73"]
[GameID "83094"]

1. e4 c5 2. Bc4 e6 3. Nf3 Nc6 4. Nc3 a6 5. a3 Qc7 6. O-O Nf6 7. h3 b5 8. Ba2 Bb7 9. d3 Be7 10. Nh2 O-O
11. f4 b4 12. axb4 cxb4 13. Ne2 d6 14. Ng3 Nd4 15. Bb1 Rac8 16. Qd2 Rfd8 17. Qxb4 d5 18. Qa5 Bc5 19. Qxc7 Ne2+
0-1

[Event "Agarr's SC Free for All 4"]
[Site "SchemingMind.com"]
[Date "2006.12.22"]
[Round "-"]
[White "Nightlamp"]
[Black "cnbcad"]
[Result "1-0"]
[WhiteCountry "BEL"]
[BlackCountry "USA"]
[WhiteElo "1932"]
[WhiteRD "79"]
[BlackElo "1493"]
[BlackRD "55"]
[GameID "83173"]

1. d4 d5 2. Nf3 Bf5 3. g3 Nc6 4. Bg2 Be4 5. O-O Nf6 6. Nbd2 Bxf3 7. Nxf3 e6 8. c4 Ng4 9. h3 Nf6 10. Ne5 Nxe5
11. dxe5 Nd7 12. cxd5 Nxe5 13. dxe6 fxe6 14. Qb3 Qf6 15. Qxb7 Rd8 16. Bf4 Bd6 17. Bxe5 Bxe5 18. Qb5+ Kf7 19. Rab1 Rhf8 20. b3 Kg8
21. f4 Bd4+ 22. Kh2 e5 23. f5 e4 24. Bxe4 a6 25. Qc4+ Kh8 26. Rf3 Be5 27. Bd3 Rd4 28. Qxa6 Qg5 29. Qe6 Bd6 30. Qe3 Qxe3
31. Rxe3 h6 32. Kg2 Bc5 33. Rf3 Be7 34. Rc1 c5 35. Rc4 Rd5 36. Re4 Bd6 37. Re6 Be5 38. Bc4 Rd2 39. Rxe5 Rxa2 40. Rxc5 Ra1
41. Rc6 Rd8 42. f6 Rdd1 43. fxg7+ Kxg7 44. Rf7+
1-0

[Event "Agarr's SC Free for All 4"]
[Site "SchemingMind.com"]
[Date "2006.12.22"]
[Round "-"]
[White "Nightlamp"]
[Black "agarr"]
[Result "1-0"]
[WhiteCountry "BEL"]
[BlackCountry "RUS"]
[WhiteElo "1777"]
[WhiteRD "165"]
[BlackElo "1728"]
[BlackRD "72"]
[GameID "83174"]

1. d4 d5 2. Nf3 Bf5 3. g3 e6 4. Bg2 h6 5. O-O Bd6 6. c4 dxc4 7. Nh4 Bxb1 8. Bxb7 Be4 9. Bxe4 c6 10. Qa4 Qc7
11. Qxc4 Ne7 12. Bg2 Nd7 13. e4 Nb6 14. Qe2 g5 15. Nf3 Ng6 16. a4 g4 17. Nd2 h5 18. a5 Nc8 19. Nc4 Bb4 20. f3 Nd6
21. fxg4 hxg4 22. Be3 Nxc4 23. Qxc4 Bxa5 24. Rxa5
1-0

[Event "Agarr's SC Free for All 4"]
[Site "SchemingMind.com"]
[Date "2006.12.22"]
[Round "-"]
[White "Nightlamp"]
[Black "mkefeli"]
[Result "0-1"]
[WhiteCountry "BEL"]
[BlackCountry "TUR"]
[WhiteElo "1839"]
[WhiteRD "88"]
[BlackElo "2004"]
[BlackRD "77"]
[GameID "83175"]

1. d4 c5 2. Nf3 cxd4 3. Nxd4 Nf6 4. c4 Nc6 5. Nc3 g6 6. g3 Bg7 7. Bg2 O-O 8. O-O Qb6 9. Nc2 d6 10. b3 Bd7
11. Bb2 Rac8 12. Qd2 Rfe8 13. Rfd1 Ng4 14. e3 Nge5 15. Nd4 Bg4 16. Nd5 Qd8 17. Nxc6 bxc6 18. Bxe5 Bxe5 19. Nc3 Bxd1 20. Rxd1 Qa5
0-1

[Event "Agarr's SC Free for All 4"]
[Site "SchemingMind.com"]
[Date "2006.12.22"]
[Round "-"]
[White "cnbcad"]
[Black "Nightlamp"]
[Result "0-1"]
[WhiteCountry "USA"]
[BlackCountry "BEL"]
[WhiteElo "1493"]
[WhiteRD "55"]
[BlackElo "1932"]
[BlackRD "79"]
[GameID "83176"]

1. e4 c5 2. Nf3 e6 3. d4 cxd4 4. Nxd4 a6 5. Nc3 Qc7 6. g3 Bb4 7. Bd2 Nf6 8. a3 Bxc3 9. Bxc3 Nxe4 10. Ne2 Nxc3
11. Nxc3 O-O 12. Qh5 b5 13. Bd3 f5 14. g4 g6 15. Qg5 Qe5+ 16. Be2 Bb7 17. Rf1 Nc6 18. O-O-O Rad8 19. Bf3 Qf6 20. Qxf6 Rxf6
21. g5 Rff8 22. h4 Na5 23. Bxb7 Nxb7 24. f4 d5 25. Ne2 Nc5 26. Nd4 Kf7 27. Rfe1 Rfe8 28. Nc6 Rc8 29. Ne5+ Ke7 30. Nf3 Ne4
31. Nd4 Rc4 32. b3 Rc3 33. Kb2 Rec8 34. Rc1 Rh3 35. Rh1= Rcc3 36. Ne2 Rcf3 37. Nd4 Rxh1 38. Nxf3 Rh3 39. Nd4 Rxh4 40. Nc6+ Kd6
41. Nb8 Nc5 42. b4 Na4+ 43. Kb3 Rxf4 44. Nxa6 Kc6 45. Re1 Re4 46. Rh1 Kb7 47. Nc5+ Nxc5+
0-1

[Event "Agarr's SC Free for All 4"]
[Site "SchemingMind.com"]
[Date "2006.12.22"]
[Round "-"]
[White "agarr"]
[Black "Nightlamp"]
[Result "1/2-1/2"]
[WhiteCountry "RUS"]
[BlackCountry "BEL"]
[WhiteElo "1736"]
[WhiteRD "70"]
[BlackElo "1839"]
[BlackRD "88"]
[GameID "83177"]

1. e4 c5 2. Nf3 e6 3. Bc4 a6 4. a3 Nc6 5. O-O Nf6 6. Nc3 Nxe4 7. Nxe4 d5 8. Bxd5 exd5 9. Ng3 Be7 10. h3 O-O
11. d4 c4 12. c3 b5 13. Bf4 Be6 14. Qc1 h6 15. Re1 a5 16. Ne5 Nxe5 17. Bxe5 b4 18. axb4 axb4 19. Rxa8 Qxa8 20. Qa1 b3
21. Ne2 Bf5 22. Nf4 Qb7 23. Qa5 Be4 24. f3 Ra8 25. Qc7 Qxc7 26. Bxc7 g5 27. Nxd5 Bxd5 28. Rxe7 Ra2 29. Re2 Be6= 30. Bd6 Bf5
31. Ba3 Kg7 32. d5 Bd3 33. Rd2 Kf6 34. d6 Ke6 35. Kf2 Kd7 36. Bc5 Ra1 37. Kg3 Rb1 38. Kg4 Bg6 39. Re2 h5+ 40. Kg3 Kc6
41. Re8 Bf5 42. Ba3 Ra1 43. Ra8 Be6=
1/2-1/2

[Event "Agarr's SC Free for All 4"]
[Site "SchemingMind.com"]
[Date "2006.12.23"]
[Round "-"]
[White "mkefeli"]
[Black "Nightlamp"]
[Result "1-0"]
[WhiteCountry "TUR"]
[BlackCountry "BEL"]
[WhiteElo "2004"]
[WhiteRD "77"]
[BlackElo "1839"]
[BlackRD "88"]
[GameID "83178"]

1. e4 c5 2. Nf3 e6 3. d4 cxd4 4. Nxd4 a6 5. Nc3 Qc7 6. Be2 Nf6 7. O-O Bb4 8. f3 Nc6 9. Kh1 O-O 10. Be3 b5
11. a4 bxa4 12. Nxa4 a5 13. Nb5 Qb8 14. Nb6 Ba6 15. c4 Rd8 16. Nxa8 Qxa8 17. Nc7
1-0

[Event "Agarr's SC Free for All 4"]
[Site "SchemingMind.com"]
[Date "2006.12.23"]
[Round "-"]
[White "norlavuaram"]
[Black "cnbcad"]
[Result "0-1"]
[WhiteCountry "PER"]
[BlackCountry "USA"]
[WhiteElo "1710"]
[WhiteRD "67"]
[BlackElo "1493"]
[BlackRD "55"]
[GameID "83210"]

1. e4 e5 2. Nf3 Nc6 3. Bb5 a6 4. Ba4 b5 5. Bb3 h6 6. O-O d6 7. h3 Nf6 8. Re1 Nd4 9. Nxd4 exd4 10. c3 d3
11. e5 dxe5 12. Rxe5+ Be7 13. Qf3 Be6 14. Bxe6 fxe6 15. Rxe6 O-O 16. Qe3 Nd5 17. Qxd3 Nf4 18. Qe4 Nxe6 19. Qxe6+ Kh8 20. d4 Re8
21. Qc6 Bd6 22. Be3 Qg5 23. Na3 Qf6 24. Nc2 Bh2+
0-1

[Event "Agarr's SC Free for All 4"]
[Site "SchemingMind.com"]
[Date "2006.12.22"]
[Round "-"]
[White "norlavuaram"]
[Black "agarr"]
[Result "0-1"]
[WhiteCountry "PER"]
[BlackCountry "RUS"]
[WhiteElo "1710"]
[WhiteRD "67"]
[BlackElo "1771"]
[BlackRD "71"]
[GameID "83211"]

1. e4 e5 2. Nf3 Nc6 3. Bb5 Bc5 4. c3 Nf6 5. O-O d6 6. d4 exd4 7. Nxd4 O-O 8. Nxc6 bxc6 9. Bxc6 Rb8 10. Nd2 Bb7
11. Bxb7 Rxb7 12. b4 Bb6 13. a4 a5 14. b5 Re8 15. Qc2 Ng4 16. h3 Ne5 17. Kh1 Qh4 18. Nf3 Nxf3 19. gxf3 Qxh3+ 20. Kg1 Re6
0-1

[Event "Agarr's SC Free for All 4"]
[Site "SchemingMind.com"]
[Date "2006.12.22"]
[Round "-"]
[White "norlavuaram"]
[Black "mkefeli"]
[Result "0-1"]
[WhiteCountry "PER"]
[BlackCountry "TUR"]
[WhiteElo "1710"]
[WhiteRD "67"]
[BlackElo "2065"]
[BlackRD "73"]
[GameID "83212"]

1. e4 c5 2. Nf3 Nc6 3. Bb5 e6 4. c3 a6 5. Ba4 b5 6. Bc2 d6 7. O-O Nf6 8. Re1 Qc7 9. d4 Bb7 10. e5 Nd5
11. exd6 Qxd6 12. Nbd2 cxd4 13. Nxd4 Nxd4 14. cxd4 Be7 15. Nf3 Rc8 16. Bd2 Nf4 17. Rc1 g5 18. Bb1 Rxc1 19. Bxc1 Nxg2
0-1

[Event "Agarr's SC Free for All 4"]
[Site "SchemingMind.com"]
[Date "2006.12.22"]
[Round "-"]
[White "norlavuaram"]
[Black "Nightlamp"]
[Result "0-1"]
[WhiteCountry "PER"]
[BlackCountry "BEL"]
[WhiteElo "1790"]
[WhiteRD "72"]
[BlackElo "1839"]
[BlackRD "88"]
[GameID "83213"]

1. e4 c5 2. Nf3 e6 3. d4 cxd4 4. Nxd4 a6 5. c4 Nf6 6. Bd3 Qc7 7. O-O Nc6 8. Ne2 d5 9. exd5 exd5 10. cxd5 Nxd5
11. Nbc3 Nxc3 12. Nxc3 Be6 13. Re1 O-O-O 14. Qf3 Bd6 15. h3 Ne5 16. Qe4 Nxd3 17. Qxd3 Bh2+
0-1

[Event "Agarr's SC Free for All 4"]
[Site "SchemingMind.com"]
[Date "2006.12.24"]
[Round "-"]
[White "cnbcad"]
[Black "norlavuaram"]
[Result "0-1"]
[WhiteCountry "USA"]
[BlackCountry "PER"]
[WhiteElo "1493"]
[WhiteRD "55"]
[BlackElo "1710"]
[BlackRD "67"]
[GameID "83214"]

1. e4 c5 2. c4 Nc6 3. d3 Nf6 4. Nf3 d6 5. Bd2 g6 6. Qc1 Bg7 7. b3 O-O 8. Nc3 a6 9. a4 Bd7 10. h3 Rb8
11. Nd5 Nxd5 12. exd5 Nd4 13. Nxd4 Bxd4 14. Rb1 e5 15. dxe6 fxe6 16. Be3 Bc6 17. Bxd4 cxd4 18. f3 Qh4+ 19. Kd1 Rxf3 20. Rb2 Rbf8
21. gxf3 Bxf3+ 22. Be2 Bxh1 23. Kc2 Qxh3 24. Kb1 Bc6 25. Ka2 Rf2 26. Qe1 Qh2 27. Rd2 Bf3
0-1

[Event "Agarr's SC Free for All 4"]
[Site "SchemingMind.com"]
[Date "2006.12.24"]
[Round "-"]
[White "agarr"]
[Black "norlavuaram"]
[Result "1-0"]
[WhiteCountry "RUS"]
[BlackCountry "PER"]
[WhiteElo "1752"]
[WhiteRD "71"]
[BlackElo "1690"]
[BlackRD "72"]
[GameID "83215"]

1. e4 c5 2. Nf3 Nc6 3. Bc4 e6 4. Nc3 d6 5. O-O Nf6 6. d4 cxd4 7. Nxd4 Be7 8. Nxc6 bxc6 9. Bf4 O-O 10. e5 dxe5
11. Bxe5 Nd5 12. Nxd5 cxd5 13. Bb3 Ba6 14. Re1 Bf6 15. Bxf6 Qxf6 16. c3 h6 17. Re3 Rfc8 18. Rf3 Qe5 19. Rg3 Bc4 20. Bc2 Rab8
21. b3 Ba6 22. Rc1 Qe2 23. Qd4 e5 24. Qxd5 Rd8 25. Qe4 Qxe4 26. Bxe4 Rd2 27. Bc2 Rbd8 28. h3 Re2 29. Re3 Rdd2 30. Rxe2 Bxe2
31. a4 Kf8 32. Be4 Ke7 33. c4 Rb2 34. c5 Kd7 35. Rc3 g6 36. c6+ Kc7 37. g4 Bd1 38. Rd3 Bxb3 39. Rd7+ Kb8 40. Rb7+ Kc8
41. Rxa7 Re2 42. Bd3 Ra2 43. a5 Bd5 44. Ba6+ Kb8 45. c7+
1-0

[Event "Agarr's SC Free for All 4"]
[Site "SchemingMind.com"]
[Date "2006.12.24"]
[Round "-"]
[White "mkefeli"]
[Black "norlavuaram"]
[Result "1-0"]
[WhiteCountry "TUR"]
[BlackCountry "PER"]
[WhiteElo "2065"]
[WhiteRD "73"]
[BlackElo "1710"]
[BlackRD "67"]
[GameID "83216"]

1. e4 c5 2. Nf3 Nc6 3. d4 cxd4 4. Nxd4 Nf6 5. Nc3 e5 6. Ndb5 d6 7. Bg5 a6 8. Na3 b5 9. Nd5 Be7 10. Bxf6 Bxf6
11. c3 O-O 12. Nc2 Bg5 13. a4 Rb8 14. axb5 axb5 15. Ncb4 Nxb4 16. Nxb4 Be6 17. Nc6 Qb6 18. Nxb8
1-0

[Event "Agarr's SC Free for All 4"]
[Site "SchemingMind.com"]
[Date "2006.12.24"]
[Round "-"]
[White "Nightlamp"]
[Black "norlavuaram"]
[Result "1-0"]
[WhiteCountry "BEL"]
[BlackCountry "PER"]
[WhiteElo "1932"]
[WhiteRD "79"]
[BlackElo "1710"]
[BlackRD "67"]
[GameID "83217"]

1. d4 Nf6 2. Nf3 g6 3. g3 Bg7 4. Bg2 O-O 5. O-O c5 6. c4 cxd4 7. Nxd4 Nc6 8. Nc3 Nxd4 9. Qxd4 d6 10. Qd3 a6
11. b3 Qc7 12. Bb2 Bd7 13. Rac1 Bc6 14. Nd5 Qd8 15. Nxf6+ Bxf6 16. Bxf6 exf6 17. Rfd1 Bxg2 18. Kxg2 f5 19. Qxd6 Qxd6 20. Rxd6 Rfe8
21. e3 Kf8 22. Rcd1 Re7 23. Rd8+ Rxd8 24. Rxd8+ Kg7 25. Kf3 h6 26. Ke2 Kf6 27. Kd3 Ke6 28. Kd4 h5 29. c5
1-0

[Event "Agarr's SC Free for All 4"]
[Site "SchemingMind.com"]
[Date "2006.12.23"]
[Round "-"]
[White "markakeen"]
[Black "cnbcad"]
[Result "1-0"]
[WhiteCountry "GBR"]
[BlackCountry "USA"]
[WhiteElo "2020"]
[WhiteRD "90"]
[BlackElo "1455"]
[BlackRD "52"]
[GameID "83275"]

1. e4 e5 2. Nf3 Nc6 3. Bc4 d6 4. O-O Bg4 5. c3 d5 6. Bxd5 Qd7 7. d3 Nf6 8. Bxc6 bxc6 9. Nxe5 Bxd1 10. Nxd7 Nxd7
11. Rxd1 Bd6 12. Be3 h5 13. Nd2 Ne5 14. Nc4 Nxc4 15. dxc4 O-O 16. f4 a5 17. e5 Be7 18. Rd7 Bd8 19. b4 a4 20. b5 cxb5
21. cxb5 Rb8 22. c4 c6 23. Rb1 cxb5 24. cxb5 Re8 25. Ra7 Bb6 26. Bxb6 Rxb6 27. Rxa4 Rd8 28. Rab4 Rd2 29. a4 Rg6 30. R1b2 Rd1+
31. Kf2 Rb6 32. a5 Rb8 33. Ra4 Rc8 34. a6 Rcc1 35. a7
1-0

[Event "Agarr's SC Free for All 4"]
[Site "SchemingMind.com"]
[Date "2006.12.24"]
[Round "-"]
[White "markakeen"]
[Black "agarr"]
[Result "1/2-1/2"]
[WhiteCountry "GBR"]
[BlackCountry "RUS"]
[WhiteElo "2020"]
[WhiteRD "90"]
[BlackElo "1736"]
[BlackRD "70"]
[GameID "83276"]

1. e4 e5 2. Nf3 Nc6 3. Bc4 Bc5 4. c3 Nf6 5. d3 h6 6. O-O O-O 7. Re1 d6 8. d4 exd4 9. cxd4 Bb4 10. Bd2 Bxd2
11. Nbxd2 Bg4 12. h3 Bh5 13. Qc2 Bg6 14. d5 Ne5 15. Nxe5 dxe5 16. Rad1 Nh7 17. Qb3 b6 18. Bb5 a5 19. Nc4 f6 20. d6 Kh8
21. dxc7 Qxc7 22. Qg3 Bf7 23. Rd7 Qb8 24. Nd6 Ra7 25. Nxf7+=
1/2-1/2

[Event "Agarr's SC Free for All 4"]
[Site "SchemingMind.com"]
[Date "2006.12.24"]
[Round "-"]
[White "markakeen"]
[Black "norlavuaram"]
[Result "1-0"]
[WhiteCountry "GBR"]
[BlackCountry "PER"]
[WhiteElo "2020"]
[WhiteRD "90"]
[BlackElo "1790"]
[BlackRD "72"]
[GameID "83277"]

1. e4 c5 2. Nf3 Nc6 3. d4 cxd4 4. Nxd4 Nf6 5. Nc3 e5 6. Ndb5 d6 7. Bg5 a6 8. Na3 b5 9. Nd5 Be7 10. Bxf6 Bxf6
11. c3 O-O 12. Nc2 Bg5 13. h4 Bh6 14. g4 g6 15. g5 Bg7 16. Nce3 f5 17. f3 fxe4 18. fxe4 Be6 19. a4
1-0

[Event "Agarr's SC Free for All 4"]
[Site "SchemingMind.com"]
[Date "2006.12.22"]
[Round "-"]
[White "markakeen"]
[Black "mkefeli"]
[Result "0-1"]
[WhiteCountry "GBR"]
[BlackCountry "TUR"]
[WhiteElo "2007"]
[WhiteRD "79"]
[BlackElo "2065"]
[BlackRD "73"]
[GameID "83278"]

1. e4 c5 2. Nf3 Nc6 3. d4 cxd4 4. Nxd4 Nf6 5. Nc3 e5 6. Nb3 Bb4 7. Bd2 O-O 8. Bd3 d5 9. exd5 Nxd5 10. Nxd5 Qxd5
11. O-O Be6 12. Re1 Bxd2 13. Qxd2 Rad8 14. Rad1 f5 15. f3 Kh8 16. Qc3 e4 17. Be2 Qe5 18. Qxe5= Nxe5 19. fxe4 fxe4 20. Rxd8 Rxd8
21. Bf3 Nxf3+ 22. gxf3 Bxb3 23. cxb3= exf3 24. Kf2 Kg8 25. Kxf3 Rd2 26. Re2 Rxe2 27. Kxe2 g5 28. Kf3 Kf7 29. h3 h5 30. Ke4 Ke6
31. b4 h4 32. b3 Kf6 33. a3 b6 34. b5 Ke6 35. a4 Kf6 36. b4 Ke6 37. a5 Kf6 38. axb6 axb6 39. Ke3 Ke5 40. Kf3 Kf5
41. Ke3 g4 42. hxg4+ Kxg4 43. Kf2 Kf4 44. Kg2 Ke4 45. Kh3 Kd4 46. Kxh4 Kc4 47. Kg3 Kxb5
0-1

[Event "Agarr's SC Free for All 4"]
[Site "SchemingMind.com"]
[Date "2006.12.22"]
[Round "-"]
[White "markakeen"]
[Black "Nightlamp"]
[Result "1/2-1/2"]
[WhiteCountry "GBR"]
[BlackCountry "BEL"]
[WhiteElo "2007"]
[WhiteRD "79"]
[BlackElo "1932"]
[BlackRD "79"]
[GameID "83279"]

1. e4 c5 2. Nf3 e6 3. d4 cxd4 4. Nxd4 a6 5. c4 Nf6 6. e5 Qa5+ 7. Nc3 Qxe5+ 8. Be2 Bc5 9. Nf3 Qc7 10. O-O O-O
11. Bg5 Be7 12. Ne4 Nxe4 13. Bxe7 Re8 14. Bh4 f5 15. Ng5 Nxg5 16. Bxg5 Nc6 17. Re1 h6 18. Bd2 b6 19. Rc1 Bb7 20. f4 g6
21. h3 Rad8 22. b4 Qd6 23. c5 bxc5 24. bxc5 Qd4+ 25. Kh1 Ne7 26. Bf1 Rc8 27. Qc2 Nd5 28. Qd3 Qxd3 29. Bxd3 Nf6 30. Rb1 Be4
31. Bxa6 Rxc5 32. Rbc1 Rxc1 33. Rxc1 Ra8 34. Bc4 Bd5 35. Bxd5 Nxd5 36. Ra1 Ra4 37. g3 Kf7 38. a3 Kf6 39. Kg2 g5 40. Kf3 d6
41. Bc1 e5 42. fxe5+ dxe5 43. Bb2 Ke6 44. Rc1 e4+ 45. Kf2 Ra6 46. Rc8 f4 47. Re8+ Ne7 48. gxf4 gxf4 49. Bc3 Rxa3 50. Rxe7+ Kxe7
51. Bb4+ Ke6 52. Bxa3 Kf5=
1/2-1/2

[Event "Agarr's SC Free for All 4"]
[Site "SchemingMind.com"]
[Date "2006.12.23"]
[Round "-"]
[White "cnbcad"]
[Black "markakeen"]
[Result "0-1"]
[WhiteCountry "USA"]
[BlackCountry "GBR"]
[WhiteElo "1455"]
[WhiteRD "52"]
[BlackElo "2020"]
[BlackRD "90"]
[GameID "83280"]

1. e4 c5 2. Nf3 Nc6 3. Nc3 g6 4. Bc4 Bg7 5. Ng5 e6 6. d3 Nf6 7. Qf3 Nd4 8. Qd1 a6 9. Be3 b5 10. Bb3 O-O
11. e5 Ne8 12. f4 Bb7 13. Bxd4 cxd4 14. Nce4 f5 15. Ng3 Bxe5 16. fxe5 Qxg5 17. Qe2 Nc7 18. Nf1 Nd5 19. Bxd5 Bxd5 20. h4 Qxg2
21. Qxg2 Bxg2 22. Rg1 Bxf1 23. Rxf1 Rad8 24. O-O-O d6 25. exd6 Rxd6 26. Rg1 e5 27. Rde1 Re6 28. h5 Kg7 29. hxg6 hxg6 30. Re2 f4
31. Rg5 Rf5 32. Rg4 f3 33. Rf2 g5 34. Kd2 Kg6 35. c3 dxc3+ 36. bxc3 Kh5 37. Rg1 g4 38. Ke3 Kg5 39. a3 Rc6
0-1

[Event "Agarr's SC Free for All 4"]
[Site "SchemingMind.com"]
[Date "2006.12.24"]
[Round "-"]
[White "agarr"]
[Black "markakeen"]
[Result "1/2-1/2"]
[WhiteCountry "RUS"]
[BlackCountry "GBR"]
[WhiteElo "1771"]
[WhiteRD "71"]
[BlackElo "2007"]
[BlackRD "79"]
[GameID "83281"]

1. e4 c5 2. Nf3 Nc6 3. Bc4 e6 4. O-O Nf6 5. d3 d6 6. Re1 Be7 7. Bf4 O-O 8. Nc3 d5 9. exd5 exd5 10. Bb3 Bg4
11. h3 Bxf3 12. Qxf3 Nd4 13. Qe3 Nxb3 14. axb3 Re8 15. Qf3 a6 16. Re2 Qd7 17. Rae1 b5 18. Re5 d4 19. Rxe7 dxc3 20. Rxd7 Rxe1+
21. Kh2 Rae8 22. bxc3 Nxd7 23. Qc6 Nb8 24. Qxc5 R1e6 25. c4 bxc4 26. Qxc4 Nd7 27. d4 Nf6 28. Be5 h6 29. Qa4 Ne4 30. f3 Nc3
31. Qa5 Rc8 32. Bf4 Rf6 33. Be5 Re6 34. Bf4 Rf6 35. Be5=
1/2-1/2

[Event "Agarr's SC Free for All 4"]
[Site "SchemingMind.com"]
[Date "2006.12.24"]
[Round "-"]
[White "norlavuaram"]
[Black "markakeen"]
[Result "0-1"]
[WhiteCountry "PER"]
[BlackCountry "GBR"]
[WhiteElo "1790"]
[WhiteRD "72"]
[BlackElo "2020"]
[BlackRD "90"]
[GameID "83282"]

1. e4 c5 2. Nf3 Nc6 3. Bb5 g6 4. O-O Bg7 5. c3 Qb6 6. Ba4 Nf6 7. d3 O-O 8. Nbd2 d5 9. e5 Nd7 10. e6 fxe6
11. Re1 e5 12. Ng5 Nd8 13. c4 Qf6 14. Ndf3 h6 15. Nh3 Nb6 16. Bb3 dxc4 17. Bxc4+ Nxc4 18. dxc4 Bxh3 19. Nxe5 Qxf2+
0-1

[Event "Agarr's SC Free for All 4"]
[Site "SchemingMind.com"]
[Date "2006.12.22"]
[Round "-"]
[White "mkefeli"]
[Black "markakeen"]
[Result "1-0"]
[WhiteCountry "TUR"]
[BlackCountry "GBR"]
[WhiteElo "2065"]
[WhiteRD "73"]
[BlackElo "2007"]
[BlackRD "79"]
[GameID "83283"]

1. e4 c5 2. Nf3 Nc6 3. d4 cxd4 4. Nxd4 g6 5. Nc3 Bg7 6. Be3 d6 7. Bb5 Bd7 8. O-O Nf6 9. Kh1 O-O 10. f4 Qc7
11. Be2 a6 12. g4 Nxg4 13. Bxg4 Bxg4 14. Qxg4 Nxd4 15. Nd5 Qxc2 16. f5 Nc6 17. Rf2 Qc4 18. Rc1 Qxa2 19. Rxc6 bxc6 20. Nxe7+ Kh8
21. f6 Qb1+ 22. Kg2 Bxf6 23. Rxf6 Qxb2+ 24. Rf2 Qe5 25. Nxc6 h5 26. Nxe5 hxg4 27. Nd7 Rfd8 28. Rxf7 Kg8 29. Re7 a5 30. Nf6+ Kf8
31. Rh7
1-0

[Event "Agarr's SC Free for All 4"]
[Site "SchemingMind.com"]
[Date "2006.12.22"]
[Round "-"]
[White "Nightlamp"]
[Black "markakeen"]
[Result "0-1"]
[WhiteCountry "BEL"]
[BlackCountry "GBR"]
[WhiteElo "1839"]
[WhiteRD "88"]
[BlackElo "2020"]
[BlackRD "90"]
[GameID "83284"]

1. d4 Nf6 2. Nf3 g6 3. g3 Bg7 4. Bg2 O-O 5. O-O d6 6. b3 c5 7. c4 Nc6 8. Bb2 a6 9. d5 Na7 10. a4 Bd7
11. Nc3 b5 12. axb5 axb5 13. Qc2 Qb6 14. Rfb1 Rfb8 15. h3 b4 16. Na4 Qd8 17. e4 Nc8 18. Qd1 Bxa4 19. bxa4 Nxe4 20. Bxg7 Kxg7
21. Nd4 Nc3
0-1

[Event "Agarr's SC Free for All 4"]
[Site "SchemingMind.com"]
[Date "2006.12.23"]
[Round "-"]
[White "Negrito19"]
[Black "cnbcad"]
[Result "1-0"]
[WhiteCountry "ARG"]
[BlackCountry "USA"]
[WhiteElo "1560"]
[WhiteRD "56"]
[BlackElo "1455"]
[BlackRD "52"]
[GameID "83301"]

1. e4 e5 2. Nf3 Nc6 3. Bc4 Bc5 4. Ng5 Qxg5 5. O-O d5 6. Bxd5 Bh3 7. Qf3 Bg4 8. Qxf7+ Kd8 9. d4 Nge7 10. Bxg5 exd4
11. Qxg7 Re8 12. Bf7 Kd7 13. Bxe8+ Rxe8 14. Bxe7
1-0